000 00484nam a2200181Ia 4500
005 20250508152102.0
008 008 250505s9999 xx 000 0 eng d
037 _aTextual
040 _aFEDL
_beng
_cFEDL
041 _aeng
_2eng
084 _a321, MAR
_qFEDL
100 _aNeumann Franz
245 0 _aDemocratic and the authoritarian state
260 _aGlencoe
_bThe Free Press
_c1957
300 _a303p.
942 _cTEXL
_h321, MAR
999 _c1334156
_d1334156